Generay Ltd v Containerised Storage Company Ltd (Record no. 75495)

MARC details
000 -LEADER
fixed length control field 01313cab a2200181 4500
001 - CONTROL NUMBER
control field L130212
008 - FIXED-LENGTH DATA ELEMENTS--GENERAL INFORMATION
fixed length control field 050701n2005 000 0 eng u
035 ## - SYSTEM CONTROL NUMBER
System control number (Sirsi) u130212
041 ## - LANGUAGE CODE
Language code of text/sound track or separate title eng
245 ## - TITLE STATEMENT
Title Generay Ltd v Containerised Storage Company Ltd
260 ## - PUBLICATION, DISTRIBUTION, ETC.
Date of publication, distribution, etc. 2005
520 ## - SUMMARY, ETC.
Summary, etc. [2005] EWCA Civ 478, 23 March 2005. Considered an appeal by the Containerised Storage Company (C) against a decision that Generay (G) had acquired the title to a strip of land by way of adverse possession. C argued that G had excluded itself from the land by putting up a tape fence around part of the land for three months (in relation to unrelated litigation). "Held": G had established title over all the strip of land except for the taped off area subject to the outcome of the dispute concerning that area. It was also decided that G's self exclusion from the taped off area amounted to interruption of possession sufficient to defeat adverse possession.
590 ## - LOCAL NOTE (RLIN)
Local note IKA190705
650 ## - SUBJECT ADDED ENTRY--TOPICAL TERM
Topical term or geographic name entry element GENERAY LTD V CONTAINERISED STORAGE COMPANY LTD
690 ## - LOCAL SUBJECT ADDED ENTRY--TOPICAL TERM (OCLC, RLIN)
Topical term or geographic name as entry element PROPERTY-COMMERCIAL PROPERTY-ACQUISITION AND DISPOSAL OF COMMERCIAL PROPERTY
856 ## - ELECTRONIC LOCATION AND ACCESS
Uniform Resource Identifier <a href="https://www.bailii.org/cgi-bin/markup.cgi?doc=/ew/cases/EWCA/Civ/2005/478.html&query=Generay&method=all">https://www.bailii.org/cgi-bin/markup.cgi?doc=/ew/cases/EWCA/Civ/2005/478.html&query=Generay&method=all</a>
Public note View the item free of charge at www.bailii.org...
942 ## - ADDED ENTRY ELEMENTS (KOHA)
Suppress in OPAC 0
Holdings
Withdrawn status Lost status Source of classification or shelving scheme Damaged status Not for loan Home library Current library Shelving location Date acquired Total Checkouts Full call number Barcode Date last seen Copy number Price effective from Koha item type
    Dewey Decimal Classification     London London Journal article 01/07/2005   L130212 130212-1001 06/08/2019 1 06/08/2019 Journal article